| Tag |
First Indicator |
Second Indicator |
Subfields |
| LEADER |
00000cam a2200000 a 4500 |
| 001 |
in00000030299 |
| 005 |
20151007060255.0 |
| 008 |
870605s1987 ilua b s00110aeng |
| 010 |
|
|
|a 87017616
|
| 020 |
|
|
|a 0875801307 :
|c $35.00
|
| 035 |
|
|
|a (OCoLC)16128952
|
| 035 |
|
|
|9 AAC0465AM
|
| 040 |
|
|
|a DLC
|c DLC
|d TXA
|d UtOrBLW
|
| 041 |
1 |
|
|a eng
|h rus
|
| 043 |
|
|
|a e------
|
| 049 |
|
|
|a TXAM
|c [A11090285]
|
| 050 |
0 |
0 |
|a DK130.T64
|b A3 1987
|
| 082 |
0 |
|
|a 914/.04252
|a B
|2 19
|
| 100 |
1 |
|
|a Tolstoĭ, Petr Andreevich,
|c graf,
|d 1645-1729.
|
| 240 |
1 |
0 |
|a Putevoĭ dnevnik P.A. Tolstogo.
|l English
|
| 245 |
1 |
4 |
|a The travel diary of Peter Tolstoi :
|b a Muscovite in early modern Europe /
|c translated by Max J. Okenfuss.
|
| 264 |
|
1 |
|a DeKalb :
|b Northern Illinois University Press,
|c 1987.
|
| 300 |
|
|
|a xxviii, 359 pages :
|b illustrations ;
|c 25 cm.
|
| 336 |
|
|
|a text
|b txt
|2 rdacontent
|
| 337 |
|
|
|a unmediated
|b n
|2 rdamedia
|
| 338 |
|
|
|a volume
|b nc
|2 rdacarrier
|
| 500 |
|
|
|a Translation of: Putevoĭ dnevnik P.A. Tolstogo.
|
| 504 |
|
|
|a Bibliography: pages [341]-344.
|
| 500 |
|
|
|a Includes index.
|
| 600 |
1 |
0 |
|a Tolstoĭ, Petr Andreevich,
|c graf,
|d 1645-1729
|x Travel.
|
| 650 |
|
0 |
|a Statesmen
|z Soviet Union
|v Biography.
|
| 651 |
|
0 |
|a Europe
|x Description and travel.
|
| 999 |
|
|
|a MARS
|
| 999 |
f |
f |
|s 9d211456-031d-3894-8aba-cdface7b9fd6
|i ae02f4d0-b50f-3fe7-aa3f-4eca3e7f2f41
|t 0
|
| 952 |
f |
f |
|p normal
|a Texas A&M University
|b College Station
|c Sterling C. Evans Library
|d Evans: Library Stacks
|t 0
|e DK130.T64 A3 1987
|h Library of Congress classification
|i unmediated -- volume
|m A14811090285
|
| 998 |
f |
f |
|a DK130.T64 A3 1987
|t 0
|l Evans: Library Stacks
|